000 00763nam a2200241 i 4500
001 000038206
003 DO-SdBNP
005 20230607145237.0
007 ta
008 130321s2007 dr 000 spa d
040 _aDO-SdBNP
_bspa
_cBNPHU
_erda
082 4 _bA656s
_222
100 _aAquino R., José Ángel,
_957581
_eautor
245 1 0 _aSistema electoral y sistema politico en Centroamérica, Panamá y República Dominicana /
_cJosé Ángel Aquino R.
264 1 _aSanto Domingo :
_bJunta Central Electoral,
_c2007.
300 _a43 páginas ;
_c25 cm.
336 _2rdacontent
_atexto
_btxt
337 _2rdamedia
_asin mediación
_bn
338 _2rdacarrier
_avolumen
_bnc
590 _aInventariado, 2023/BT
910 _aBtavárez
942 _2ddc
_cLF2
999 _c37696
_d37696